|
|
|
|
| LEADER |
00827nam a2200193 i 4500 |
| 001 |
acta39074 |
| 005 |
20210825104402.0 |
| 008 |
161201s1932 hu o 0|| hun d |
| 040 |
|
|
|a SZTE Egyetemi Kiadványok Repozitórium
|b hun
|
| 041 |
|
|
|a hun
|
| 100 |
1 |
|
|a Baranyai Erzsébet
|
| 245 |
1 |
0 |
|a Nagy László munkásságának neveléstudományi eredményei
|h [elektronikus dokumentum] /
|c Baranyai Erzsébet
|
| 260 |
|
|
|a Dunántúl Pécsi Egyetemi Nyomda
|b Szeged
|c 1932
|
| 300 |
|
|
|a 91 p.
|c 23 cm
|
| 490 |
0 |
|
|a Értekezések a M. Kir. Ferenc József-Tudományegyetem Pedagógiai Intézetéből : uj [új] sorozat
|v 3
|
| 650 |
|
4 |
|a Társadalomtudományok
|
| 650 |
|
4 |
|a Oktatástudomány
|
| 695 |
|
|
|a Nagy László, Neveléstudomány - magyar - 20. sz.
|
| 856 |
4 |
0 |
|u http://acta.bibl.u-szeged.hu/39074/1/ert_fj_ped_int_003.pdf
|z Dokumentum-elérés
|